A guide for evaluating student composition : readings and suggestions for the teacher of English in the junior and senior high school /

Bibliographic Details
Corporate Author: National Council of Teachers of English
Other Authors: Judine, M., Sister, I.H.M
Format: Book
Language:English
Published: Urbana, Ill. : National Council of Teachers of English, [1965]
Subjects:

MARC

Tag First Indicator Second Indicator Subfields
LEADER 00000cam a2200000 a 4500
001 in00000095973
005 20150923173833.0
008 720526s1965 ilu b 00000 engm
010 |a  65003317  
020 |a 0814119255 
035 |a (OCoLC)00318558 
035 |9 AAK8360AM 
040 |a DLC  |c WSU  |d SER  |d m.c.  |d TXA  |d UtOrBLW 
049 |a TXAM  |c [1272771] 
050 0 0 |a PE1404  |b G85 
082 0 |a 808 
245 0 2 |a A guide for evaluating student composition :  |b readings and suggestions for the teacher of English in the junior and senior high school /  |c prepared for the NCTE by Sister M. Judine. 
264 1 |a Urbana, Ill. :  |b National Council of Teachers of English,  |c [1965] 
264 4 |c ©1965 
300 |a x, 162 pages ;  |c 25 cm. 
336 |a text  |b txt  |2 rdacontent 
337 |a unmediated  |b n  |2 rdamedia 
338 |a volume  |b nc  |2 rdacarrier 
504 |a Includes bibliographical references. 
541 0 |a Donated by Stanley Archer October, 1997. 
650 0 |a English language  |x Composition and exercises. 
700 1 |a Judine, M.,  |c Sister, I.H.M. 
710 2 |a National Council of Teachers of English. 
999 |a MARS 
999 f f |s 0c2d2a95-7a89-300d-a31b-2346cd2c7c68  |i 03cb5724-ca22-34a0-a6e3-ecac219e0424  |t 0 
952 f f |p normal  |a Texas A&M University  |b College Station  |c Sterling C. Evans Library  |d Evans: Library Stacks  |t 0  |e PE1404 G85  |h Library of Congress classification  |i unmediated -- volume  |m A14806049342 
952 f f |p ric  |a Texas A&M University  |b Rellis Campus  |c Joint Library Facility  |d Remote Storage  |t 0  |e PE1404 G85  |h Library of Congress classification  |i unmediated -- volume  |m A14822136183 
998 f f |a PE1404 G85  |t 0  |l Remote Storage 
998 f f |a PE1404 G85  |t 0  |l Evans: Library Stacks